1839 1707 1611 1837 1717 1676 1138 1964 1377 1552 1961 1746 1863 1174 1818 1884 1503 1016 1408 1753 1790 1979 1180 1972 1979 1213 1597 1988 1056 1091 1796 1531 1566 1412 1401 1098 1594 1119 1019 1330 1616 1937 1503 1673 1086 1435 1740 1180 1514 1278 1757 1105 1454 1123 1316 1471 1998 1144 1332 1061 1582 1301 1462 1626 1073 1890 1281 1180 1219 1208 1758 1468 1087 1257 1430 1839 1814 1333 1622 1251 1863 1525 1136 1880 1009 1893 1768 1523 1973 1275 1098 1414 1255 1188 1706 1571 1582 1713 1802 BCNSPRNW ULIB Ver.6.0+V

เปลี่ยนเป็นภาษาไทย

Change to English
 แสดงรายละเอียดบรรณานุกรม
  กลับหน้าหลัก

Brief Record : Get Marc (ISO 2709) : E-mail record : QR code < ปิดหน้าต่าง
LEADER : 00000nam 2200000uu 4500
001    13399115139
003     ULIB
008    120712s||||||||th 000 0 tha d
110    ^aวิทยาลัยเครือข่ายภาคกลาง2
245    ^aวารสารการพยาบาลและการสาธารณสุข /^cวิทยาลัยเครือข่ายภาคกลาง2
260    ^aเพชรบุรี :^bวิทยาลัยเครือข่ายภาคกลาง2,^cม.ป.ป.
310    ^aราย 6 เดือน
850    ^aฉบับที่ 1 ปีที่ 8;ฉบับที่ 1 ปีที่ 7;ฉบับที่ 2 ปีที่ 7
945    ^p0^l0^i800172
945    ^p0^l0^i800173
945    ^p0^l0^i800174
999 ^a ใช้งานได้ทุกระบบ
รายการนี้ยังไม่มีแท็ก
คุณยังไม่ได้ล็อกอิน คุณสามารถมีกิจกรรมร่วมกับเว็บไซต์ได้ แต่ต้องล็อกอินก่อน ::
  ล็อกอิน

รายการสื่อสารสนเทศ

ลำดับที่ ประเภท เลขเรียก/บาร์โค้ด สถานที่ สถานะ
- ไม่พบข้อมูล -

BibComment


ยังไม่เคยถูกคอมเมนท์

คอมเมนท์ทรัพยากรรายการนี้
  คอมเมนท์: วารสารการพยาบาลแ..


 Copyright 2026. Bcnsprnw @Library